书目信息 |
| 题名: |
胎教必读
|
|
| 作者: | 宋维炳 , 贾晓芳 著 | |
| 分册: | ||
| 出版信息: | 北京 北京工业大学出版社 1995 |
|
| 页数: | 148页 | |
| 开本: | 19cm | |
| 丛书名: | ||
| 单 册: | ||
| 中图分类: | R714.51 | |
| 科图分类: | ||
| 主题词: | 胎教 | |
| 电子资源: | ||
| ISBN: | 7-5639-0450-6 | |
| 000 | 00658nam0 2200205 450 | |
| 001 | 1549825303 | |
| 005 | 20150201135042.65 | |
| 010 | @a7-5639-0450-6@dCNY6.00 | |
| 100 | @a20021005e19961995em y0chiy50 ea | |
| 200 | 1 | @a胎教必读@9tai jiao bi du@f宋维炳,贾晓芳著 |
| 210 | @a北京@c北京工业大学出版社@d1995@h1996重印 | |
| 215 | @a148页@d19cm | |
| 304 | @a宋维炳(1922~ ),北京天坛医院妇产科主任、主任医师 | |
| 304 | @a贾晓芳(1955~ ),女,首都医科大学附属北京天坛医院妇产科副主任医师 | |
| 606 | 0 | @a胎教 |
| 690 | @aR714.51 | |
| 701 | 0 | @a宋维炳@9song wei bing@4著 |
| 701 | 0 | @a贾晓芳@9jia xiao fang@4著 |
| 801 | 0 | @aCN@bTSSF@c20150201 |
| 905 | @aZUCC@dR714.51@eJY1 | |
| 胎教必读/宋维炳,贾晓芳著.-北京:北京工业大学出版社,1995(1996重印) |
| 148页;19cm |
| ISBN 7-5639-0450-6:CNY6.00 |
| ● |
| 相关链接 |
|
|
|
|
正题名:胎教必读
索取号:R714.51/JY1
 
预约/预借
| 序号 | 登录号 | 条形码 | 馆藏地/架位号 | 状态 | 备注 |
| 1 | 7846698 | 278466982 | 学院路分馆/ [索取号:R714.51/JY1] | 在馆 |